France matchs 2020-2025 - Statistiques

Statistiques générales
  • Ce quiz a été pris 60 fois
  • Le résultat moyen est 55 sur 69
Statistiques - réponses
Date Score Equipe Competition % Correct
10-10-2021 1-2 Espagne Ligue des nations
100%
9-7-2024 2-1 Espagne Euro 2024
100%
5-6-2025 5-4 Espagne Ligue des nations
100%
15-6-2021 1-0 Allemagne Euro 2020
98%
12-9-2023 2-1 Allemagne Amical
98%
23-3-2024 0-2 Allemagne Amical
98%
8-6-2025 0-2 Allemagne Ligue des nations
98%
10-12-2022 1-2 Angleterre Coupe du monde 2022
98%
18-12-2022 7-5 tab Argentine Coupe du monde 2022
98%
11-10-2020 0-0 Portugal Ligue des nations
96%
14-11-2020 0-1 Portugal Ligue des nations
96%
23-6-2021 2-2 Portugal Euro 2020
96%
5-7-2024 3-5 tab Portugal Euro 2024
96%
3-6-2022 1-2 Danemark Ligue des nations
92%
25-9-2022 0-2 Danemark Ligue des nations
92%
26-11-2022 2-1 Danemark Coupe du monde 2022
92%
14-12-2022 2-0 Maroc Coupe du monde 2022
92%
8-9-2020 4-2 Croatie Ligue des nations
90%
14-10-2020 1-2 Croatie Ligue des nations
90%
6-6-2022 1-1 Croatie Ligue des nations
90%
13-6-2022 0-1 Croatie Ligue des nations
90%
20-3-2025 2-0 Croatie Ligue des nations
90%
23-3-2025 7-4 tab Croatie Ligue des nations
90%
6-9-2024 1-3 Italie Ligue des nations
90%
17-11-2024 1-3 Italie Ligue des nations
90%
28-6-2021 7-8 tab Suisse Euro 2020
90%
7-10-2021 2-3 Belgique Ligue des nations
86%
1-7-2024 1-0 Belgique Euro 2024
86%
9-9-2024 2-0 Belgique Ligue des nations
86%
14-10-2024 1-2 Belgique Ligue des nations
86%
24-3-2023 4-0 Pays-Bas Qualification Euro
86%
13-10-2023 1-2 Pays-Bas Qualification Euro
86%
21-6-2024 0-0 Pays-Bas Euro 2024
86%
4-12-2022 3-1 Pologne Coupe du monde 2022
86%
25-6-2024 1-1 Pologne Euro 2024
86%
30-11-2022 1-0 Tunisie Coupe du monde 2022
86%
27-3-2023 0-1 Irlande Qualification Euro
82%
7-9-2023 2-0 Irlande Qualification Euro
82%
5-9-2020 0-1 Suède Ligue des nations
82%
17-11-2020 4-2 Suède Ligue des nations
82%
22-11-2022 4-1 Australie Coupe du monde 2022
78%
10-6-2022 1-1 Autriche Ligue des nations
78%
22-9-2022 2-0 Autriche Ligue des nations
78%
17-6-2024 0-1 Autriche Euro 2024
78%
11-11-2020 0-2 Finlande Amical
78%
7-9-2021 2-0 Finlande Qualification Coupe du monde
78%
16-6-2023 0-3 Gibraltar Qualification Euro
76%
18-11-2023 14-0 Gibraltar Qualification Euro
76%
19-6-2021 1-1 Hongrie Euro 2020
76%
7-10-2020 7-1 Ukraine Amical
76%
24-3-2021 1-1 Ukraine Qualification Coupe du monde
76%
4-9-2021 1-1 Ukraine Qualification Coupe du monde
76%
17-10-2023 4-1 Ecosse Amical
71%
5-6-2024 3-0 Luxembourg Amical
67%
2-6-2021 3-0 Pays de Galles Amical
67%
10-10-2024 1-4 Israel Ligue des nations
65%
14-11-2024 0-0 Israel Ligue des nations
65%
19-6-2023 1-0 Grèce Qualification Euro
63%
21-11-2023 2-2 Grèce Qualification Euro
63%
9-6-2024 0-0 Canada Amical
61%
26-3-2024 3-2 Chili Amical
57%
16-11-2021 0-2 Finlande Qualification Coupe du monde
53%
31-3-2021 0-1 Bosnie Qualification Coupe du monde
51%
1-9-2021 1-1 Bosnie Qualification Coupe du monde
51%
8-6-2021 3-0 Bulgarie Amical
47%
28-3-2021 0-2 Kazakhstan Qualification Coupe du monde
47%
13-11-2021 8-0 Kazakhstan Qualification Coupe du monde
47%
25-3-2022 2-1 Cote d'Ivoire Amical
43%
29-3-2022 5-0 Afrique du Sud Amical
39%
Aucun quiz correspondant
Distribution des résultats
% des personnes avec chaque résultat
Percentile par nombre de réponses
Votre historique - résultats
Vous n’avez pas pris ce quiz